It looks like you're offline.
Open Library logo
additional options menu

MARC Record from Scriblio

Record ID marc_records_scriblio_net/part27.dat:20006672:739
Source Scriblio
Download Link /show-records/marc_records_scriblio_net/part27.dat:20006672:739?format=raw

LEADER: 00739nam 2200241 a 4500
001 97210496
003 DLC
005 19971231150354.2
008 971030s1997 iaua 000 0 eng
010 $a 97210496
020 $a0787239259
040 $aDLC$cDLC
043 $an-us---
050 00 $aTL230.3$b.A85 1997
082 00 $a629.28/44/0973$221
100 1 $aAtkinson, William C.
245 10 $aCommercial driver's license (CDL) :$bprofessional driver's study manual /$cWilliam C. Atkinson.
250 $a2nd ed.
260 $aDubuque, Iowa :$bKendall/Hunt,$cc1997.
300 $a386 p. :$bill. (some col.) ;$c28 cm.
500 $a"Third edition"--Cover p. [1].
650 0 $aTruck driving.
650 0 $aTruck drivers$xLicenses$zUnited States.